| 000 | 00625nam a2200229 a 4500 | ||
|---|---|---|---|
| 001 | nice12345678 | ||
| 003 | IN_TiNIC | ||
| 005 | 20260116013402.0 | ||
| 008 | 050524s1985 chia grp 000 0 eng | ||
| 020 |
_a _c100 |
||
| 082 | 0 | 0 |
_a230.046 _bAMJ |
| 100 | _aAmjad Ali, Charles | ||
| 245 |
_aLiberation and Ethics _b Essays in Religious Social Ethics in Honor of Gibson |
||
| 260 |
_aChicago _bCentre Forthe Scientific Study of Religi _c1985 |
||
| 300 | _a233p | ||
| 500 | _aincludes index and biblioraphy | ||
| 505 | 2 | _aJindex | |
| 650 | _aLiberation-Theology | ||
| 902 | _bSRS | ||
| 942 | _cBK | ||
| 999 |
_c10798 _d10798 |
||